Noviembre 1984: Primeras elecciones libres en la historia de Nicaragua
Збережено в:
| Автор: | |
|---|---|
| Формат: | Текст |
| Опубліковано: |
Managua:
Dirección General de Divulgación y Prensa de la JRGN
|
| Теги: |
Додати тег
Немає тегів, Будьте першим, хто поставить тег для цього запису!
|
MARC
| LEADER | 00000 a a2200000 04500 | ||
|---|---|---|---|
| 001 | 14247 | ||
| 003 | |||
| 040 | |||
| 090 | |a 017900 | ||
| 100 | |a Ortega Saavedra, Daniel | ||
| 245 | |a Noviembre 1984: Primeras elecciones libres en la historia de Nicaragua | ||
| 260 | |a Managua: |b Dirección General de Divulgación y Prensa de la JRGN | ||
| 300 | |a 19 p. | ||
| 999 | |c 4681 |d 4681 | ||
